Harry Potter and the Order of the Phoenix.
Spremljeno u:
| Glavni autor: | |
|---|---|
| Format: | Nepoznato |
| Izdano: |
London, United Kingdom:
Bloomsbury Publishing Plc.,
2014.
|
| Serija: | Bloomsbury Children's Books.
|
| Teme: | |
| Oznake: |
Dodaj oznaku
Bez oznaka, Budi prvi tko označuje ovaj zapis!
|
MARC
| LEADER | 00000 a2200000 4500 | ||
|---|---|---|---|
| 003 | CL-VaPUC | ||
| 005 | 20221201173953.0 | ||
| 008 | 221130t2014 ||||| |||| 00| 0 eng d | ||
| 999 | |c 439200 |d 439198 | ||
| 020 | |a 978-1408855690 | ||
| 040 | |c Pontificia Universidad Católica de Valparaíso | ||
| 082 | 7 | |a 823 ROWop 2014 |2 22 | |
| 100 | |a Rowling, J. K |9 554655 |e author | ||
| 245 | |a Harry Potter and the Order of the Phoenix. | ||
| 260 | |a London, United Kingdom: |b Bloomsbury Publishing Plc., |c 2014. | ||
| 300 | |a 799 páginas. | ||
| 490 | |a Bloomsbury Children's Books. | ||
| 583 | |k GC |c 20221130 | ||
| 650 | |a Novelas inglesas |9 265220 | ||
| 650 | |a Novelas juveniles inglesas |9 462416 | ||
| 650 | |a Literatura inglesa |9 312907 | ||
| 942 | |2 ddc |c BK | ||
| 952 | |0 0 |1 0 |2 ddc |4 0 |6 823_000000000000000_ROWOP_2014 |7 0 |8 A |9 587999 |a BIBEDU |b BIBEDU |c GEN |d 2022-11-30 |e 74 |g 18708.00 |i 5655812 |o 823 ROWop 2014 |p 5655812 |r 2022-11-30 |t 2 |v 18708.00 |w 2022-11-30 |y BK |k LIT | ||
| 952 | |0 0 |1 0 |2 ddc |4 0 |6 823_000000000000000_ROWOP_2014 |7 0 |8 A |9 588000 |a BIBEDU |b BIBEDU |c GEN |d 2022-11-30 |e 74 |g 18708.00 |i 5655811 |o 823 ROWop 2014 |p 5655811 |r 2022-11-30 |t 1 |v 18708.00 |w 2022-11-30 |y BK |k LIT | ||